01822nam a2200337uu 4500001000800000005001700008008004100025020001800066035001200084040001300096041000800109082000800117100003500125245004200160246006300202250001800265260004400283300004200327505081400369650002601183650001601209650001201225650001201237650003501249650002401284650002001308650002401328700004801352700003801400700004601438144302320260508090625.0160610s2008 spa  a9789702612254 a1443023 ccomduadb aspa 4a53010aGiancoli, Douglas C.4auteaut10aFísica para ciencias e ingeniería1 aPhysics for scientists and engineers with modern physics . a4. edición. aMéxico :bPearson Educación,c2008. axxiii, 604 páginas :bilustraciones aCONTENIDO: Introducción, mediciones, estimaciones. -- Descripción del movimiento: Cinemática en una dimensión. -- Cinemática en dos o en tres dimensiones, vectores. -- Dinámica: Leyes de Newton del movimiento. -- Aplicaciones de las leyes de Newton: Fricción, movimiento circular, fuerzas de resistencia. -- v1. Gravitación y síntesis de Newton. -- Trabajo y energía. -- Conservación de la energía. -- Momentum lineal. -- Movimiento rotacional. -- Momentum angular : Rotación general. -- Equilibrio estático: Elasticidad y fractura. -- Fluidos. -- Oscilaciones. -- Movimiento ondulatorio. -- Sonido. -- Temperatura, expansión térmica y ley de gas ideal. -- Teoría cinética de los gases. -- Calor y la primera ley de la termodinámica. -- Segunda ley de la termodinámica. 7aTermodinámica2lemb aTemperatura aSonidos aFluidos aConservación de la energía aTrabajo y energía aLeyes de Newton 7aGravitación2lemb10aAmador Araujo, María de Lourdes4trletrl10aRobledo Rella, Víctor4reverev10aÁbrego Rodríguez, Francisco4reverev